Ginecologia / (Registro nro. 3220)

Detalles MARC
000 -LEADER
fixed length control field 04649nam a2201225 a 4500
005 - FECHA ULTIMA MODIFICACION
control field 20241129095014.0
008 - CAMPO DE CONTROL (LIBRO)
fixed length control field 100701t2017 ag a . f |||| 001 0 spa d
020 ## - INTERNATIONAL STANDARD BOOK NUMBER
ISBN 9789502327860
041 ## - CODIGO DE IDIOMA
Código de idioma del texto/pista de sonido o título separado spa
092 ## - SIGNATURA TOPOGRAFICA DEWEY LOCAL
número de clasificación 618
libristica 5
sección AUG
100 1# - ENTRADA PRINCIPAL--NOMBRE PERSONAL
Nombre personal Auge, Luis María
Función Comp.
9 (RLIN) 4235
245 ## - TITULO PROPIAMENTE DICHO
Título Ginecologia /
Mención de responsabilidad y remanente de la transcripción de la portada Luis María Auge
250 ## - MENCION DE EDICION
Mención de edición 1a ed.
260 ## - PIE DE IMPRENTA
Lugar de publicación, distribución, etc Buenos Aires:
Nombre de la editorial, distribuidor, etc EDUDEBA;
Fecha de publicación 2017.
300 ## - DESCRIPCION FISICA
Extension 500 p.
Dimensiones 23x16 cm.
Otros detalles físicos il.
500 ## - NOTA GENERAL
Nota general Auge, L. et al. (2017). Ginecología. (1a ed.). Buenos Aires : EUDEBA.
653 ## - TÉRMINO INDIZADO - PALABRAS CLAVES
Palabra clave Estadística vitales
653 ## - TÉRMINO INDIZADO - PALABRAS CLAVES
Palabra clave Anatomía y embriología
653 ## - TÉRMINO INDIZADO - PALABRAS CLAVES
Palabra clave Fisiología endócrina
653 ## - TÉRMINO INDIZADO - PALABRAS CLAVES
Palabra clave Semiología ginecológica y estudios complementarios
653 ## - TÉRMINO INDIZADO - PALABRAS CLAVES
Palabra clave Normas de atención en las diferentes etapas de la vida de la mujer
653 ## - TÉRMINO INDIZADO - PALABRAS CLAVES
Palabra clave Conocimientos ginecológicos básicos para la atención primaria
653 ## - TÉRMINO INDIZADO - PALABRAS CLAVES
Palabra clave Alteraciones del ciclo y sangrado uterino anormal
653 ## - TÉRMINO INDIZADO - PALABRAS CLAVES
Palabra clave Alteraciones del ciclo menstrual
653 ## - TÉRMINO INDIZADO - PALABRAS CLAVES
Palabra clave Sangrado uterino anormal
653 ## - TÉRMINO INDIZADO - PALABRAS CLAVES
Palabra clave Estados hiperandrogénicos
653 ## - TÉRMINO INDIZADO - PALABRAS CLAVES
Palabra clave Tumores benignos del cuerpo uterino
653 ## - TÉRMINO INDIZADO - PALABRAS CLAVES
Palabra clave Metrorragia de la post menopausia
653 ## - TÉRMINO INDIZADO - PALABRAS CLAVES
Palabra clave Flujo vaginal. Patología tracto-genital inferior
653 ## - TÉRMINO INDIZADO - PALABRAS CLAVES
Palabra clave Flujo vaginal
653 ## - TÉRMINO INDIZADO - PALABRAS CLAVES
Palabra clave Infecciones de transmisión sexual (ITS)
653 ## - TÉRMINO INDIZADO - PALABRAS CLAVES
Palabra clave Diagnóstico citológico, Papanicolau y nuevas técnicas de tamizaje
653 ## - TÉRMINO INDIZADO - PALABRAS CLAVES
Palabra clave Lesiones intraepiteliales cervicales de alto y bajo grado: terapéutica
653 ## - TÉRMINO INDIZADO - PALABRAS CLAVES
Palabra clave Diagnóstico precoz y pesquisa del carcinoma de cuello uterino
653 ## - TÉRMINO INDIZADO - PALABRAS CLAVES
Palabra clave Lesiones vulvares, vaginales y anales: diagnóstico y terapéutica
653 ## - TÉRMINO INDIZADO - PALABRAS CLAVES
Palabra clave Patología abdominopelviano
653 ## - TÉRMINO INDIZADO - PALABRAS CLAVES
Palabra clave Dolor abdominal agudo de origen ginecológico
653 ## - TÉRMINO INDIZADO - PALABRAS CLAVES
Palabra clave Enfermedad inflamatoria pélvica
653 ## - TÉRMINO INDIZADO - PALABRAS CLAVES
Palabra clave Embarazo ectópico
653 ## - TÉRMINO INDIZADO - PALABRAS CLAVES
Palabra clave Endometriosis
653 ## - TÉRMINO INDIZADO - PALABRAS CLAVES
Palabra clave Salud sexual y reproductiva
653 ## - TÉRMINO INDIZADO - PALABRAS CLAVES
Palabra clave Derechos sexuales y derechos reproductivos
653 ## - TÉRMINO INDIZADO - PALABRAS CLAVES
Palabra clave Sexualidad
653 ## - TÉRMINO INDIZADO - PALABRAS CLAVES
Palabra clave Consejería en salud sexual y reproductiva
653 ## - TÉRMINO INDIZADO - PALABRAS CLAVES
Palabra clave Métodos anticonceptivos
653 ## - TÉRMINO INDIZADO - PALABRAS CLAVES
Palabra clave Enfoque en el diagnóstico y tratamiento de la pareja infértil
653 ## - TÉRMINO INDIZADO - PALABRAS CLAVES
Palabra clave Aborto como realidad en la Argentina
653 ## - TÉRMINO INDIZADO - PALABRAS CLAVES
Palabra clave Aborto no punible. Interrupción legal del embarazo
653 ## - TÉRMINO INDIZADO - PALABRAS CLAVES
Palabra clave Enfermedad trofoblástica gestacional
653 ## - TÉRMINO INDIZADO - PALABRAS CLAVES
Palabra clave Violencia de género
653 ## - TÉRMINO INDIZADO - PALABRAS CLAVES
Palabra clave Salud de las personas trans: abordaje desde el equipo de salud
653 ## - TÉRMINO INDIZADO - PALABRAS CLAVES
Palabra clave Patología benigna y maligna de la mama
653 ## - TÉRMINO INDIZADO - PALABRAS CLAVES
Palabra clave Patología mamaria benigna
653 ## - TÉRMINO INDIZADO - PALABRAS CLAVES
Palabra clave Patología mamaria maligna
653 ## - TÉRMINO INDIZADO - PALABRAS CLAVES
Palabra clave Estudios complementarios. Bi rads. Intervencionismo mamario
653 ## - TÉRMINO INDIZADO - PALABRAS CLAVES
Palabra clave Patolologías prevalentes en las diferentes etapas de la vida
653 ## - TÉRMINO INDIZADO - PALABRAS CLAVES
Palabra clave Ginecología infantojuvenil
653 ## - TÉRMINO INDIZADO - PALABRAS CLAVES
Palabra clave Climaterio
653 ## - TÉRMINO INDIZADO - PALABRAS CLAVES
Palabra clave Disfunciones del piso pelviano
700 1# - ENTRADAS SECUNDARIAS - NOMBRE PERSONAL
Nombre personal Contreras Ortiz, Oscar
9 (RLIN) 4236
700 1# - ENTRADAS SECUNDARIAS - NOMBRE PERSONAL
Nombre personal Lorusso, Antonio
9 (RLIN) 1122
700 1# - ENTRADAS SECUNDARIAS - NOMBRE PERSONAL
Nombre personal Méndez Rivas, José María
9 (RLIN) 4237
700 1# - ENTRADAS SECUNDARIAS - NOMBRE PERSONAL
Nombre personal Novelli, Jorge
9 (RLIN) 4238
700 1# - ENTRADAS SECUNDARIAS - NOMBRE PERSONAL
Nombre personal Youg, Edgardo
9 (RLIN) 4239
700 1# - ENTRADAS SECUNDARIAS - NOMBRE PERSONAL
Nombre personal Castaño, Roberto
9 (RLIN) 4240
700 1# - ENTRADAS SECUNDARIAS - NOMBRE PERSONAL
Nombre personal Casavilla, Florencio
9 (RLIN) 4241
700 1# - ENTRADAS SECUNDARIAS - NOMBRE PERSONAL
Nombre personal Gori, Roberto
9 (RLIN) 4242
700 1# - ENTRADAS SECUNDARIAS - NOMBRE PERSONAL
Nombre personal Provenzano, Sergio
9 (RLIN) 4243
700 1# - ENTRADAS SECUNDARIAS - NOMBRE PERSONAL
Nombre personal Tatti, Silvio
9 (RLIN) 4244
700 1# - ENTRADAS SECUNDARIAS - NOMBRE PERSONAL
Nombre personal Botta, Carlos
9 (RLIN) 4245
700 1# - ENTRADAS SECUNDARIAS - NOMBRE PERSONAL
Nombre personal Toziano, Mariano
9 (RLIN) 4246
700 1# - ENTRADAS SECUNDARIAS - NOMBRE PERSONAL
Nombre personal Díaz, Lili
9 (RLIN) 4247
700 1# - ENTRADAS SECUNDARIAS - NOMBRE PERSONAL
Nombre personal Di Fresco, Verónica
9 (RLIN) 4248
700 1# - ENTRADAS SECUNDARIAS - NOMBRE PERSONAL
Nombre personal Dotto, Jorge
9 (RLIN) 4181
700 1# - ENTRADAS SECUNDARIAS - NOMBRE PERSONAL
Nombre personal Elizalde, Roberto
9 (RLIN) 4249
700 1# - ENTRADAS SECUNDARIAS - NOMBRE PERSONAL
Nombre personal Gogorza, Sebastián
9 (RLIN) 4232
700 1# - ENTRADAS SECUNDARIAS - NOMBRE PERSONAL
Nombre personal Lange, Diego
9 (RLIN) 4250
700 1# - ENTRADAS SECUNDARIAS - NOMBRE PERSONAL
Nombre personal Mural, Juan
9 (RLIN) 4251
700 1# - ENTRADAS SECUNDARIAS - NOMBRE PERSONAL
Nombre personal Nölting, Manuel
9 (RLIN) 4252
700 1# - ENTRADAS SECUNDARIAS - NOMBRE PERSONAL
Nombre personal Cardinal, Lucia
9 (RLIN) 4253
700 1# - ENTRADAS SECUNDARIAS - NOMBRE PERSONAL
Nombre personal Napoli, José
9 (RLIN) 4254
700 1# - ENTRADAS SECUNDARIAS - NOMBRE PERSONAL
Nombre personal Provenzano, Belén
9 (RLIN) 4255
700 1# - ENTRADAS SECUNDARIAS - NOMBRE PERSONAL
Nombre personal Bermúdez, Adriana
9 (RLIN) 4256
700 1# - ENTRADAS SECUNDARIAS - NOMBRE PERSONAL
Nombre personal Bigozzi, Miguel
9 (RLIN) 4257
700 1# - ENTRADAS SECUNDARIAS - NOMBRE PERSONAL
Nombre personal Gómez Pasanante, Ernesto
9 (RLIN) 4258
700 1# - ENTRADAS SECUNDARIAS - NOMBRE PERSONAL
Nombre personal Perrota, Miriam
9 (RLIN) 4259
700 1# - ENTRADAS SECUNDARIAS - NOMBRE PERSONAL
Nombre personal Caruso, Ricardo
9 (RLIN) 4260
700 1# - ENTRADAS SECUNDARIAS - NOMBRE PERSONAL
Nombre personal Fleider, Laura
9 (RLIN) 4261
700 1# - ENTRADAS SECUNDARIAS - NOMBRE PERSONAL
Nombre personal Soderini, Alejandro
9 (RLIN) 4262
700 1# - ENTRADAS SECUNDARIAS - NOMBRE PERSONAL
Nombre personal Young, Edgardo
9 (RLIN) 4263
700 1# - ENTRADAS SECUNDARIAS - NOMBRE PERSONAL
Nombre personal González, Alejandro
9 (RLIN) 4264
700 1# - ENTRADAS SECUNDARIAS - NOMBRE PERSONAL
Nombre personal Lioy, Gustavo
9 (RLIN) 4265
700 1# - ENTRADAS SECUNDARIAS - NOMBRE PERSONAL
Nombre personal Marrone, Mariana
9 (RLIN) 4266
700 1# - ENTRADAS SECUNDARIAS - NOMBRE PERSONAL
Nombre personal Monterroso, Alicia
9 (RLIN) 4267
700 1# - ENTRADAS SECUNDARIAS - NOMBRE PERSONAL
Nombre personal Oizerovich, Silvia
9 (RLIN) 4268
700 1# - ENTRADAS SECUNDARIAS - NOMBRE PERSONAL
Nombre personal Peyrallo, Claudia
9 (RLIN) 4269
700 1# - ENTRADAS SECUNDARIAS - NOMBRE PERSONAL
Nombre personal Rodríguez de la Peña, Mercedes
9 (RLIN) 4270
700 1# - ENTRADAS SECUNDARIAS - NOMBRE PERSONAL
Nombre personal Singla, Javier
9 (RLIN) 4271
700 1# - ENTRADAS SECUNDARIAS - NOMBRE PERSONAL
Nombre personal Stigliano, Javier
9 (RLIN) 4272
700 1# - ENTRADAS SECUNDARIAS - NOMBRE PERSONAL
Nombre personal Suzuki, Verónica
9 (RLIN) 4273
700 1# - ENTRADAS SECUNDARIAS - NOMBRE PERSONAL
Nombre personal Tilli, Miguel
9 (RLIN) 4274
700 1# - ENTRADAS SECUNDARIAS - NOMBRE PERSONAL
Nombre personal Zappacosta, María Pía
9 (RLIN) 4275
700 1# - ENTRADAS SECUNDARIAS - NOMBRE PERSONAL
Nombre personal Otero, Eugenia
9 (RLIN) 4276
942 ## - ADDED ENTRY ELEMENTS (KOHA)
Source of classification or shelving scheme Dewey Decimal Classification
Item type Libros
Existencias
Estado de retiro Existencia Fuente de clasificación Estado general No para prestamo Ubicación permanente ubicación actual Sala de ubicación Fecha de adquisición Fuente de adquisición Costo, precio normal de compra Total Checkouts Número de clasificación Código de barras Date last seen Date last borrowed Número de ejemplar Price effective from Koha tipo de elemento (item) Public note Coded location qualifier Total Renewals
    Dewey Decimal Classification     Biblioteca Medicina Biblioteca Medicina Circulación 29/11/2024 Compra FaCiMed Noviembre 2024 19295.00 8 618 5 AUG 4955 25/03/2026 16/03/2026 Ej.1 29/11/2024 Libros Compra FaCiMed Noviembre 2024. Sede Tordos.    
    Dewey Decimal Classification     Biblioteca Medicina Biblioteca Medicina Circulación 29/11/2024 Compra FaCiMed Noviembre 2024 19295.00 8 618 5 AUG 4956 26/09/2025 18/09/2025 Ej.2 29/11/2024 Libros Compra FaCiMed Noviembre 2024. Sede Tordos.   1
    Dewey Decimal Classification     Biblioteca Medicina Biblioteca Medicina Circulación 01/08/2025 Donación Asociación Neuquina de Anestesia - ANAAR, Julio 2025. 22865.00 4 618 5 AUG 5070 07/05/2026 28/04/2026 Ej. 3 01/08/2025 Libros Donación Asociación Neuquina de Anestesia - ANAAR, Julio 2025. Sede Tordos.   1
    Dewey Decimal Classification     Biblioteca Medicina Biblioteca Medicina Circulación 01/08/2025 Donación Asociación Neuquina de Anestesia - ANAAR, Julio 2025. 22865.00 1 618 5 AUG 5071 21/04/2026 14/04/2026 Ej. 4 01/08/2025 Libros Donación Asociación Neuquina de Anestesia - ANAAR, Julio 2025. Sede Tordos.    
    Dewey Decimal Classification     Biblioteca Medicina Biblioteca Medicina Circulación 01/08/2025 Donación Asociación Neuquina de Anestesia - ANAAR, Julio 2025. 22865.00 3 618 5 AUG 5072 25/03/2026 16/03/2026 Ej. 5 01/08/2025 Libros Donación Asociación Neuquina de Anestesia - ANAAR, Julio 2025. Sede Tordos.    
    Dewey Decimal Classification     Biblioteca Medicina Biblioteca Medicina Circulación 01/08/2025 Donación Asociación Neuquina de Anestesia - ANAAR, Julio 2025. 22865.00 2 618 5 AUG 5073 10/03/2026 12/12/2025 Ej. 6 01/08/2025 Libros Donación Asociación Neuquina de Anestesia - ANAAR, Julio 2025. Sede Tordos.   1

UNIVERSIDAD NACIONAL DEL COMAHUE
Biblioteca de la Facultad de Ciencias Médicas
Sede Toschi: Los Arrayanes y Av. Toschi, Cipolletti  - Rio Negro
Sede Los Tordos:  Yrigoyen al 2211, Cipolletti - Rio Negro 

Teléfono: 0299 - 4774707 int 25
Contacto: biblioteca@facimed.uncoma.edu.ar
© 2011 - 2026